Communication systems : an introduction to signals and noise in electrical communication (Record no. 66922)

000 -LEADER
fixed length control field 00565nam a22001937a 4500
003 - CONTROL NUMBER IDENTIFIER
control field NUST - PNEC
005 - DATE AND TIME OF LATEST TRANSACTION
control field 20170116181007.0
008 - FIXED-LENGTH DATA ELEMENTS--GENERAL INFORMATION
fixed length control field 150902b xxu||||| |||| 00| 0 eng d
020 ## - INTERNATIONAL STANDARD BOOK NUMBER
International Standard Book Number 0071005609
020 ## - INTERNATIONAL STANDARD BOOK NUMBER
International Standard Book Number 007009960X
020 ## - INTERNATIONAL STANDARD BOOK NUMBER
International Standard Book Number 0070099618
040 ## - CATALOGING SOURCE
Transcribing agency LIBRARY
082 ## - DEWEY DECIMAL CLASSIFICATION NUMBER
Classification number 621.38043 CAR
100 ## - MAIN ENTRY--PERSONAL NAME
9 (RLIN) 6471
Personal name Carlson, A. Bruce
245 ## - TITLE STATEMENT
Title Communication systems : an introduction to signals and noise in electrical communication
Statement of responsibility, etc. A. Bruce,Carlson
260 ## - PUBLICATION, DISTRIBUTION, ETC.
Date of publication, distribution, etc. c.1968
650 ## - SUBJECT ADDED ENTRY--TOPICAL TERM
9 (RLIN) 6472
Topical term or geographic name entry element Signal theory (Telecommunication)
General subdivision EE
942 ## - ADDED ENTRY ELEMENTS (KOHA)
Source of classification or shelving scheme
Koha item type Book
Holdings
Withdrawn status Lost status Source of classification or shelving scheme Damaged status Not for loan Permanent Location Current Location Shelving location Date acquired Total Checkouts Full call number Barcode Date last seen Price effective from Koha item type
          Pakistan Navy Engineering College (PNEC) Pakistan Navy Engineering College (PNEC)       621.38043 CAR PNECLIB-005066 09/12/2015   Book
© 2023 Central Library, National University of Sciences and Technology. All Rights Reserved.